Languages That Queen Victoria Spoke - Statistics

General Stats
  • This quiz has been taken 63 times
  • The average score is 5 of 6
Answer Stats
Answer % Correct
English
100%
French
98%
German
93%
Italian
85%
Latin
63%
Hindustani
46%
No matching quizzes found
Score Distribution
Percent of People with Each Score
Percentile by Number Answered
Your Score History
You have not taken this quiz